<?xml version="1.0" encoding="UTF-8"?>
<collection xmlns="http://www.loc.gov/MARC21/slim">
 <record>
  <leader>03853nam a2200325 a 4500</leader>
  <controlfield tag="001">1/55115</controlfield>
  <controlfield tag="008">220322s2021    gr a     bi   00110 gre  </controlfield>
  <datafield tag="020" ind1=" " ind2=" ">
   <subfield code="a">9789606451874</subfield>
  </datafield>
  <datafield tag="040" ind1=" " ind2=" ">
   <subfield code="a">GR-PeUP</subfield>
  </datafield>
  <datafield tag="082" ind1="0" ind2="0">
   <subfield code="a">006.3 RUS ΜΤΦ</subfield>
  </datafield>
  <datafield tag="100" ind1="1" ind2=" ">
   <subfield code="a">Russell, Stuart J.</subfield>
   <subfield code="q">(Stuart Jonathan)</subfield>
  </datafield>
  <datafield tag="245" ind1="1" ind2="0">
   <subfield code="a">Τεχνητή νοημοσύνη :</subfield>
   <subfield code="b">μια σύγχρονη προσέγγιση /</subfield>
   <subfield code="c">Stuart J. Russell and Peter Norvig ; μετάφραση Παναγιώτης Καναβός.</subfield>
  </datafield>
  <datafield tag="250" ind1=" " ind2=" ">
   <subfield code="a">4η Αμερικανική έκδ.</subfield>
  </datafield>
  <datafield tag="260" ind1="0" ind2=" ">
   <subfield code="a">Αθήνα :</subfield>
   <subfield code="b">Κλειδάριθμος,</subfield>
   <subfield code="c">2021.</subfield>
  </datafield>
  <datafield tag="300" ind1=" " ind2=" ">
   <subfield code="a">1216 σ. :</subfield>
   <subfield code="b">εικ. ;</subfield>
   <subfield code="c">28 εκ.</subfield>
  </datafield>
  <datafield tag="500" ind1=" " ind2=" ">
   <subfield code="a">Τίτλος πρωτοτύπου: Artificial inttelligence. A modern approach, Forth edition.</subfield>
  </datafield>
  <datafield tag="500" ind1=" " ind2=" ">
   <subfield code="a">Με τη συνεισφορά των συγγραφέων Ming-Wei Chang, Jacob Devlin...[κ.ά.].</subfield>
  </datafield>
  <datafield tag="500" ind1=" " ind2=" ">
   <subfield code="a">Περιεχόμενα: 1. Τεχνητή νοημοσύνη: 1. Εισαγωγή -- 2. Ευφυείς - πράκτορες -- ΙΙ. Επίλυση προβλημάτων: 3. Επίλυση προβλημάτων με αναζήτηση -- 4. Αναζήτηση σε πολύπλοκα περιβάλλοντα -- 5. Αναζήτηση με αντιπαλότητα και παιχνίδια -- 6. Προβλήματα ικανοποίησης περιορισμών -- ΙΙΙ. Γνώση, συλλογιστική και σχεδιασμός: 7. Λογικοί πράκτορες -- 8. Λογική πρώτης τάξης -- 9. Συμπερασμός στη λογική της πρώτης τάξης -- 10. Αναπαράσταση της γνώσης -- 11. Αυτοματοποιημένος σχεδιασμός -- IV. Αβέβαιη γνώση και συλλογιστική: 12. Ποσοτικοποίηση αβεβαιότητας -- 13. Πιθανοτική συλλογιστική -- 14. Πιθανοτική συλλογιστική στον χρόνο -- 15. Πιθανοτικός προγραμματισμός -- 16. Λήψη απλών αποφάσεων -- 17. Λήψη σύνθετων αποφάσεων -- 18. Πολυπρακτορική λήψη αποφάσεων -- V. Μηχανική μάθηση: 19. Μάθηση από παραδείγματα -- 20. Μάθηση πιθανοτικών μοντέλων -- 21. Βαθιά μάθηση -- 22. Ενισχυτική μάθηση -- VI. Επικοινωνία, αντίληψη και δράση: 23. Επεξεργασία φυσικής γλώσσας -- 24. Βαθιά μάθηση για επεξεργασία φυσικής γλώσσας -- 25. Μηχανική όραση -- 26. Ρομποτική -- VII. Συμπεράσματα: 27. Φιλοσοφία, ηθική και ασφάλεια της TN -- 28. Το μέλλον της TN -- Α. Μαθηματικό υπόβαθρο -- Β. Σημειώσεις επί των γλωσσών και των αλγορίθμων -- Βιβλιογραφία.</subfield>
  </datafield>
  <datafield tag="504" ind1=" " ind2=" ">
   <subfield code="a">Περιέχει βιβλιογραφία και ευρετήριο.</subfield>
  </datafield>
  <datafield tag="650" ind1=" " ind2="0">
   <subfield code="a">Artificial intelligence.</subfield>
  </datafield>
  <datafield tag="650" ind1=" " ind2="4">
   <subfield code="a">Τεχνητή νοημοσύνη.</subfield>
  </datafield>
  <datafield tag="700" ind1="1" ind2=" ">
   <subfield code="a">Norvig, Peter.</subfield>
  </datafield>
  <datafield tag="700" ind1="1" ind2=" ">
   <subfield code="a">Chang, Ming-Wei.</subfield>
  </datafield>
  <datafield tag="700" ind1="1" ind2=" ">
   <subfield code="a">Καναβός , Παναγιώτης.</subfield>
  </datafield>
  <datafield tag="852" ind1=" " ind2=" ">
   <subfield code="a">INST</subfield>
   <subfield code="b">UNIPILB</subfield>
   <subfield code="c">EUDOXOS</subfield>
   <subfield code="e">20220322</subfield>
   <subfield code="h">006.3 RUS ΜΤΦ</subfield>
   <subfield code="p">00187424</subfield>
   <subfield code="q">00187424</subfield>
   <subfield code="t">LOAN</subfield>
   <subfield code="y">0</subfield>
   <subfield code="4">4</subfield>
  </datafield>
  <datafield tag="852" ind1=" " ind2=" ">
   <subfield code="a">INST</subfield>
   <subfield code="b">UNIPILB</subfield>
   <subfield code="c">EUDOXOS</subfield>
   <subfield code="e">20220322</subfield>
   <subfield code="h">006.3 RUS ΜΤΦ</subfield>
   <subfield code="p">00187425</subfield>
   <subfield code="q">00187425</subfield>
   <subfield code="t">LOAN</subfield>
   <subfield code="y">0</subfield>
   <subfield code="4">5</subfield>
  </datafield>
  <datafield tag="852" ind1=" " ind2=" ">
   <subfield code="a">INST</subfield>
   <subfield code="b">UNIPILB</subfield>
   <subfield code="c">EUDOXOS</subfield>
   <subfield code="e">20220322</subfield>
   <subfield code="h">006.3 RUS ΜΤΦ</subfield>
   <subfield code="p">00187426</subfield>
   <subfield code="q">00187426</subfield>
   <subfield code="t">LOAN</subfield>
   <subfield code="y">0</subfield>
   <subfield code="4">6</subfield>
  </datafield>
  <datafield tag="852" ind1=" " ind2=" ">
   <subfield code="a">INST</subfield>
   <subfield code="b">UNIPILB</subfield>
   <subfield code="c">EUDOXOS</subfield>
   <subfield code="e">20220322</subfield>
   <subfield code="h">006.3 RUS ΜΤΦ</subfield>
   <subfield code="p">00187574</subfield>
   <subfield code="q">00187574</subfield>
   <subfield code="t">LOAN</subfield>
   <subfield code="y">0</subfield>
   <subfield code="4">1</subfield>
  </datafield>
  <datafield tag="852" ind1=" " ind2=" ">
   <subfield code="a">INST</subfield>
   <subfield code="b">UNIPILB</subfield>
   <subfield code="c">EUDOXOS</subfield>
   <subfield code="e">20220322</subfield>
   <subfield code="h">006.3 RUS ΜΤΦ</subfield>
   <subfield code="p">00187575</subfield>
   <subfield code="q">00187575</subfield>
   <subfield code="t">LOAN</subfield>
   <subfield code="y">0</subfield>
   <subfield code="4">2</subfield>
  </datafield>
  <datafield tag="852" ind1=" " ind2=" ">
   <subfield code="a">INST</subfield>
   <subfield code="b">UNIPILB</subfield>
   <subfield code="c">EUDOXOS</subfield>
   <subfield code="e">20220322</subfield>
   <subfield code="h">006.3 RUS ΜΤΦ</subfield>
   <subfield code="p">00187576</subfield>
   <subfield code="q">00187576</subfield>
   <subfield code="t">LOAN</subfield>
   <subfield code="y">0</subfield>
   <subfield code="4">3</subfield>
  </datafield>
 </record>
</collection>
